000 00614 a2200157 4500
020 _a0860371336 (paperback)
020 _a9780860371335 (paperback)
090 _c4979
_d4979
100 1 _aDenffer, Ahmad Von.
245 1 0 _aResearch in islam :
_bbasics, principles and practical suggestions /
_cAhmad Von Denffer.
260 _a[S.l.] :
_bIslamic Foundation,
_c1983.
300 _a84 p.
520 _aThis handbook introduces Muslim students to basic methods and techniques of research.
856 4 0 _3Amazon.com
_uhttp://www.amazon.com/exec/obidos/ASIN/0860371336/chopaconline-20
942 _aNBS
_cBK
_k3297.072 DEN
999 _c347407
_d347407